00420 2200169 4500001002100000008004100021035002000062245004800082100001900130250000600149260003200155300001200187084001600199082001000215650001300225990001200238INLIS000000000000812 ind  a0010-0524000047 aEnsiklopedia Ilmuwan MuslimcYuntoro Dwi W. aDwi W, Yuntoro a1 aJakarta :bAzka Pressc2013 a136 hlm a200.3 YUN e a200.3 aNonFiksi a0740660